00442nam a2200181Ia 4500008004100000020001800041245002400059245001900083245003700102260001500139260001600154260000900170300001400179300002500193300001000218440002400228500000800252170705s9999 xx 000 0 und d a9780439962940 4aThe rotten Romans : bsticker book / cby Terry Deary and Martin Brown. aNew York : bScholastic, c2003 aunpaged : bcolor illustration ; c26cm. aHorrible histories. a840